| 000 | 03095cad a22002055a 4500 | ||
|---|---|---|---|
| 001 | L154547 | ||
| 008 | 111220s2011 xxk f 000 0 eng d | ||
| 035 | _a(Sirsi) u154547 | ||
| 041 | 0 | _aeng | |
| 110 | 2 |
_aUnited Kingdom _bDepartment for Environment, Food and Rural Affairs |
|
| 245 | 0 | 0 |
_aAdaptation Reporting Power received reports _h[electronic resource] |
| 260 | _c2011 | ||
| 505 | 2 | _aBenchmarkers -- National Grid Gas Plc -- National Grid Electricity Transmission -- Environment Agency -- Trinity House -- Highways Agency -- Network Rail -- Natural England. Water Companies -- Anglian Water Services -- Sembcorp Bournemouth Water Limited -- Bristol Water Plc -- Cambridge Water Company Plc -- Northumbrian Water Ltd/ Essex and Suffolk Water -- Portsmouth Water Ltd -- Seven Trent Water Ltd -- South East Water Limited -- South Staffordshire -- South West Water Ltd -- Southern Water Services Ltd -- Sutton and East Surrey Water Plc -- Thames Water Utilities Ltd -- United Water Utilities Plc -- Veolia Water Central Ltd -- Veolia Water Southeast Ltd -- Wessex Water Services Ltd -- Yorkshire Water Services -- Dee Valley Water. Electricity generators -- Centrica -- Drax Power -- E ON -- EDF Energy -- Intergen -- International Power and GDF -- RWE NPower -- Scottish Power -- SSE Generation. Electricity Distributors and Transmitters. Electricity North West -- Energy Networks Association Core Report -- National Grid Electricity Transmission -- Northern Power Grid -- Scottish Power -- SSE Power Distribution including Scottish Hydro Electric Transmission -- Western Power. Gas transporters -- ES Pipelines Limited GTC Pipelines, Independent Pipelines -- National Grid gas -- Northern Gas -- Scotia Gas Networks -- SSE Power Distribution & Scottish Hydro Electric Transmission Limited -- Wales and West Utilities. Economic Regulators -- Ofwat's climate change adaptation report -- Ofwat's climate change adaptation report - supporting process document -- Ofwat's climate change adaptation report - technical paper. Road and Rail -- Eurotunnel -- Highway Agency -- Network Rail -- Transport for London. Ports -- Associated British Ports -- Dover Harbour Board -- Felixstowe Dock and Railway Company -- Harwich Haven -- Mersey Docks and Harbour Company -- Milford Haven, PD Teesport -- Port of London -- Port of Sheerness. Airport Authorities -- Birmingham Airport -- Cardiff Airport -- Edinburgh Airport -- Gatwick Airport -- Glasgow Airport -- Heathrow Airport -- Luton Airport -- Manchester Airport Groups -- London Stansted. Lighthouse Authorities -- Northern Lighthouse Board -- NATS Adaptation Report. | |
| 520 | _a91 key infrastructure providers asked to provide adaptation plans in response to Directions to report under the Climate Change Act 2008. | ||
| 590 | _aKA NTK | ||
| 651 | 4 | _aUNITED KINGDOM | |
| 690 | _aENVIRONMENTAL AND LAND CONSULTANCY-ENERGY-ENERGY USE-ENERGY EFFICIENCY | ||
| 856 | 4 | 0 |
_uhttps://www.defra.gov.uk/environment/climate/sectors/reporting-authorities/reporting-authorities-reports/ _zView the item free of charge at www.defra.gov.uk |
| 942 | _n0 | ||
| 999 |
_c113036 _d113036 |
||